|
|
|
|
| LEADER |
00000naa2a2200000 4500 |
| 001 |
387295 |
| 005 |
20231101063607.0 |
| 035 |
|
|
|a (RuTPU)RU\TPU\prd\16836
|
| 090 |
|
|
|a 387295
|
| 100 |
|
|
|a 20030902a2003 k y0rusy50 ca
|
| 101 |
0 |
|
|a rus
|
| 102 |
|
|
|a RU
|
| 200 |
1 |
|
|a Рынок лизинговых услуг
|f М. И. Лещенко, П. А. Златин, В. И. Сарбаев
|e Конспект лекций
|
| 225 |
1 |
|
|a Лизинг в машиностроении
|
| 311 |
|
|
|a Продолжение. Начало: 2003, №4.
|
| 461 |
|
1 |
|0 (RuTPU)RU\TPU\prd\1723
|x 0203-347X
|t Справочник. Инженерный журнал
|o научно-технический и производственный журнал
|d 2000-
|
| 463 |
|
1 |
|0 (RuTPU)RU\TPU\prd\16311
|t № 6
|v С. 49-55
|d 2003
|
| 610 |
1 |
|
|a рынок услуг
|
| 610 |
1 |
|
|a лизинг
|
| 610 |
1 |
|
|a лекции
|
| 610 |
1 |
|
|a кредитование
|
| 610 |
1 |
|
|a управление имуществом
|
| 610 |
1 |
|
|a финансовая аренда
|
| 700 |
|
1 |
|a Лещенко
|b М. И.
|
| 701 |
|
1 |
|a Златин
|b П. А.
|
| 701 |
|
1 |
|a Сарбаев
|b В. И.
|
| 801 |
|
1 |
|a RU
|b 63413507
|c 20030902
|g PSBO
|
| 801 |
|
2 |
|a RU
|b 63413507
|c 20140116
|g PSBO
|
| 942 |
|
|
|c BK
|